[Event "II Festival ASDEC A"]
[Site "Messina ITA"]
[Date "2012.08.29"]
[Round "3"]
[White "Grasso, Gaetano"]
[Black "Carbone, Edoardo"]
[WhiteElo "2032"]
[BlackElo "1824"]
[Result "0-1"]
[PlyCount "112"]
[EventDate "2012.08.27"]

1. b4 Nf6 2. Bb2 e6 3. a3 d5 4. e3 c5 5. bxc5 Bxc5 6. Nf3 a6 7. d4 Bd6 8. c4
dxc4 9. Bxc4 b5 10. Bd3 Bb7 11. Nbd2 Nbd7 12. e4 Be7 13. O-O Nb6 14. Ne5 Na4
15. Qb3 O-O 16. f4 Nd7 17. Ndf3 Nxe5 18. Nxe5 Nxb2 19. Qxb2 f6 20. Nf3 Qd7 21.
Rfd1 Rfd8 22. Rd2 Kh8 23. Re1 Qc7 24. Qb3 Qb6 25. a4 Rxd4 26. Nxd4 Qxd4+ 27.
Kf1 Bb4 28. Rdd1 Bxe1 29. Rxe1 Rd8 30. Bc2 Qxa4 31. Qxa4 bxa4 32. Bxa4 Rd4 33.
Bc2 g6 34. Ke2 e5 35. Ke3 Rc4 36. Bd3 exf4+ 37. Kxf4 Rb4 38. g4 a5 39. h4 a4
40. Rb1 Rxb1 41. Bxb1 Kg7 42. Ba2 h6 43. e5 fxe5+ 44. Kxe5 Bf3 45. Be6 Bd1 46.
Kd4 Kf6 47. Bd7 a3 48. Kc3 g5 49. hxg5+ Kxg5 50. Be6 Bxg4 51. Bf7 Kf6 52. Bc4
h5 53. Kb4 h4 54. Kxa3 h3 55. Bf1 h2 56. Bg2 Kg5 0-1

[Event "II Festival ASDEC A"]
[Site "Messina ITA"]
[Date "2012.08.29"]
[Round "3"]
[White "La Piana, Antonino"]
[Black "Rota, Giacomo"]
[WhiteElo "1700"]
[BlackElo "1983"]
[Result "0-1"]
[PlyCount "70"]
[EventDate "2012.08.27"]

1. e4 c6 2. d4 d5 3. Nc3 dxe4 4. Nxe4 Bf5 5. Ng3 Bg6 6. Nf3 Nd7 7. Nh4 e6 8.
Nxg6 hxg6 9. Be3 Ngf6 10. h3 Qc7 11. c3 Bd6 12. Ne2 Nd5 13. Qd2 a6 14. g3 c5
15. Bg2 N7b6 16. b3 c4 17. Qc1 Rc8 18. Bd2 O-O 19. h4 Nf6 20. Rb1 Nbd5 21. Bf3
b5 22. b4 a5 23. a3 axb4 24. axb4 e5 25. dxe5 Bxe5 26. h5 gxh5 27. Bxh5 Nxh5
28. Rxh5 Rfe8 29. f4 g6 30. Rxe5 Rxe5 31. fxe5 Qxe5 32. Bf4 Qe4 33. Rb2 Re8 34.
Qc2 Qf3 35. Qd2 Nxc3 0-1

[Event "II Festival ASDEC A"]
[Site "Messina ITA"]
[Date "2012.08.29"]
[Round "3"]
[White "Pisacane, Pietro"]
[Black "Iannello, Andrea"]
[WhiteElo "2036"]
[BlackElo "1776"]
[Result "1-0"]
[PlyCount "119"]
[EventDate "2012.08.27"]

1. d4 Nf6 2. c4 e6 3. Nf3 b6 4. e3 Bb7 5. Be2 c5 6. Nc3 d5 7. O-O Be7 8. cxd5
Nxd5 9. Ne5 O-O 10. Bf3 Bf6 11. Ng4 Nxc3 12. bxc3 Bxf3 13. Qxf3 Nd7 14. Rd1
cxd4 15. cxd4 Rc8 16. e4 Rc4 17. e5 Bg5 18. Qe2 Rxc1 19. Raxc1 Bxc1 20. Rxc1 h5
21. Ne3 Qh4 22. Qd3 Rb8 23. Rc7 Qd8 24. Qc3 a6 25. Qc6 Nf8 26. Qd6 b5 27. Rc6
a5 28. Qxd8 Rxd8 29. Nc2 Nd7 30. Kf1 Kf8 31. Ke2 Rb8 32. Rc7 Ke7 33. Ra7 a4 34.
Nb4 Ke8 35. Na6 Rc8 36. Nc7+ Kd8 37. Nxb5 Rc2+ 38. Ke3 Rxa2 39. Nd6 f5 40. Ra8+
Kc7 41. Ra7+ Kd8 42. Nf7+ Ke7 43. Ng5 Ra3+ 44. Kf4 g6 45. d5 Kd8 46. Nxe6+ Ke8
47. Ng7+ Kd8 48. e6 Ra2 49. Rxd7+ Kc8 50. e7 Kxd7 51. e8=Q+ Kd6 52. Qc6+ Ke7
53. Qc7+ Kf8 54. Ne6+ Ke8 55. Qc6+ Ke7 56. d6+ Kf6 57. Qc3+ Kf7 58. Qg7+ Kxe6
59. Qg8+ Kxd6 60. Qxa2 1-0

[Event "II Festival ASDEC A"]
[Site "Messina ITA"]
[Date "2012.08.29"]
[Round "3"]
[White "Quattrone, Andrea"]
[Black "Marzaduri, Marco R."]
[WhiteElo "1820"]
[BlackElo "1845"]
[Result "1-0"]
[PlyCount "129"]
[EventDate "2012.08.27"]

1. e4 c5 2. Nf3 Nc6 3. d4 cxd4 4. Nxd4 e6 5. Be3 Nf6 6. f3 Qb6 7. Nc3 Qxb2 8.
Ncb5 Bb4+ 9. Kf2 Ba5 10. a3 a6 11. Nxc6 bxc6 12. Bd4 Bb6 13. Bxb6 Nxe4+ 14.
fxe4 Qf6+ 15. Qf3 cxb5 16. e5 Qxf3+ 17. gxf3 O-O 18. Rd1 f6 19. exf6 Rxf6 20.
Rd6 Bb7 21. Be2 Raf8 22. Rxd7 Bxf3 23. Bxf3 Rxf3+ 24. Ke2 Rc3 25. Bd4 Rxc2+ 26.
Kd3 Rfc8 27. Rxg7+ Kf8 28. Rf1+ Ke8 29. Rxh7 R2c7 30. Rxc7 Rxc7 31. h4 Rh7 32.
Rh1 Kd7 33. Ke4 a5 34. Bc3 b4 35. axb4 axb4 36. Bxb4 Rh5 37. Kf4 Ke8 38. Kg4
Rb5 39. Bd2 Kf7 40. Rf1+ Kg6 41. Bg5 Rb4+ 42. Rf4 Rb1 43. Rf6+ Kg7 44. Rxe6
Rg1+ 45. Kh5 Rh1 46. Re7+ Kf8 47. Kg6 Rh3 48. Rf7+ Kg8 49. Ra7 Rf3 50. Ra8+ Rf8
51. Rxf8+ Kxf8 52. Bf6 Kg8 53. h5 Kf8 54. h6 Ke8 55. h7 Kd7 56. h8=Q Kd6 57.
Qh5 Ke6 58. Qe5+ Kd7 59. Qd5+ Kc7 60. Qe6 Kb7 61. Qd6 Kc8 62. Qe7 Kb8 63. Bd4
Kc8 64. Bb6 Kb8 65. Qc7+ 1-0

[Event "II Festival ASDEC A"]
[Site "Messina ITA"]
[Date "2012.08.29"]
[Round "3"]
[White "Russo, Alfio"]
[Black "Gromovs, Sergejs"]
[WhiteElo "1905"]
[BlackElo "2206"]
[Result "0-1"]
[PlyCount "40"]
[EventDate "2012.08.27"]

1. g3 e5 2. Bg2 f5 3. c4 Nf6 4. Nc3 Bc5 5. e3 Nc6 6. Nge2 e4 7. d4 Be7 8. O-O
d6 9. h4 O-O 10. a3 Ng4 11. Nd5 Bxh4 12. gxh4 Qxh4 13. Re1 Qxf2+ 14. Kh1 Be6
15. Nef4 Bxd5 16. Nxd5 Rae8 17. Qe2 Qg3 18. Kg1 Re6 19. Bd2 Rh6 20. Rac1 Rh1+
0-1

[Event "II Festival ASDEC A"]
[Site "Messina ITA"]
[Date "2012.08.29"]
[Round "3"]
[White "Seletsky, Grigory"]
[Black "Arito, Luigi"]
[WhiteElo "2348"]
[BlackElo "1921"]
[Result "1-0"]
[PlyCount "25"]
[EventDate "2012.08.27"]

1. e4 e5 2. Nf3 Nf6 3. Nxe5 d6 4. Nf3 Nxe4 5. Nc3 Nxc3 6. dxc3 Be7 7. Be3 Nd7
8. Qd2 Bf6 9. O-O-O Ne5 10. Nd4 Be6 11. Be2 Nc4 12. Nxe6 Nxd2 13. Nxd8 1-0

[Event "II Festival ASDEC A"]
[Site "Messina ITA"]
[Date "2012.08.29"]
[Round "3"]
[White "Sileci, Salvatore"]
[Black "Gangemi, Domenico"]
[WhiteElo "1751"]
[BlackElo "1500"]
[Result "1-0"]
[PlyCount "57"]
[EventDate "2012.08.27"]

1. d4 d5 2. c4 e6 3. Nc3 Nf6 4. Bg5 Be7 5. e3 O-O 6. Nf3 Nbd7 7. Rc1 b6 8. Bd3
Bb7 9. cxd5 exd5 10. O-O Rc8 11. Re1 c6 12. e4 dxe4 13. Nxe4 Re8 14. Bxf6 Nxf6
15. Nxf6+ Bxf6 16. Ne5 g6 17. Qb3 Bxe5 18. dxe5 b5 19. Bc4 Qc7 20. Bd5 a6 21.
e6 Kg7 22. Qc3+ f6 23. g3 Qe7 24. Bb3 c5 25. Qe3 c4 26. Bd1 Bd5 27. Bg4 h6 28.
Bh3 f5 29. Qe5+ 1-0

[Event "II Festival ASDEC A"]
[Site "Messina ITA"]
[Date "2012.08.29"]
[Round "3"]
[White "Spina, Simonpietro"]
[Black "Arcidiaco, Francesco"]
[WhiteElo "1730"]
[BlackElo "1652"]
[Result "1/2-1/2"]
[PlyCount "86"]
[EventDate "2012.08.27"]

1. e4 e5 2. f4 d5 3. exd5 Qxd5 4. Nc3 Qe6 5. Nf3 exf4+ 6. Be2 Be7 7. d4 g5 8.
h4 g4 9. Ne5 f3 10. gxf3 gxf3 11. Bc4 f2+ 12. Kf1 Qf5 13. Nxf7 Be6 14. Bxe6
Qxe6 15. Nxh8 Nd7 16. Qh5+ Kf8 17. Bg5 Ndf6 18. Bh6+ Nxh6 19. Qxh6+ Kg8 20. Ng6
hxg6 21. Qxg6+ Kh8 22. Qh6+ Kg8 23. Qg6+ Kh8 24. Qh6+ Kg8 25. Qg5+ Kh7 26. d5
Qa6+ 27. Kxf2 Ne4+ 28. Nxe4 Bxg5 29. hxg5+ Kg7 30. Rh6 Qc4 31. Ke3 Re8 32. Rh4
Qxd5 33. Kf3 Qf5+ 34. Rf4 Qh3+ 35. Ng3 Re7 36. Rh1 Re3+ 37. Kxe3 Qxg3+ 38. Rf3
Qe5+ 39. Kd3 Qd5+ 40. Ke3 c5 41. Rhf1 Qd4+ 42. Ke2 Qxb2 43. Rf7+ Kg8 1/2-1/2

[Event "II Festival ASDEC A"]
[Site "Messina ITA"]
[Date "2012.08.29"]
[Round "3"]
[White "Trimarchi, Giuseppe"]
[Black "Scattareggia, Domenico"]
[WhiteElo "1853"]
[BlackElo "2027"]
[Result "1-0"]
[PlyCount "99"]
[EventDate "2012.08.27"]

1. Nf3 d5 2. g3 Nf6 3. Bg2 e6 4. c4 c6 5. b3 Be7 6. Bb2 Nbd7 7. O-O O-O 8. d3
b6 9. Nbd2 Bb7 10. Rc1 c5 11. e3 Qb8 12. d4 Rd8 13. Qe2 a5 14. a4 Ra7 15. Ne5
Nxe5 16. dxe5 Nd7 17. f4 f5 18. cxd5 exd5 19. Qd3 Nf8 20. Qxf5 Bc8 21. Qc2 Ng6
22. Nf3 Bg4 23. h3 Bxf3 24. Bxf3 d4 25. exd4 cxd4 26. Qc4+ Kh8 27. Bxd4 Rxd4
28. Qxd4 Bc5 29. Rxc5 bxc5 30. Qxc5 Rc7 31. Qxa5 Ne7 32. g4 Ng6 33. Qa8 Qxa8
34. Bxa8 Nh4 35. Rd1 g6 36. Rd8+ Kg7 37. Bd5 Rc3 38. g5 h5 39. e6 Nf5 40. Rd7+
Kf8 41. a5 Rc1+ 42. Kf2 Ra1 43. b4 Ra3 44. Be4 Ne7 45. Rd8+ Kg7 46. Re8 Ng8 47.
e7 Ra2+ 48. Ke3 Ra3+ 49. Kd4 Kf7 50. Rxg8 1-0

[Event "II Festival ASDEC A"]
[Site "Messina ITA"]
[Date "2012.08.29"]
[Round "3"]
[White "Vazzana, Antonio"]
[Black "Altomonte, Giuseppe"]
[WhiteElo "1711"]
[BlackElo "1860"]
[Result "0-1"]
[PlyCount "80"]
[EventDate "2012.08.27"]

1. c4 d5 2. e3 Nf6 3. Nf3 g6 4. Nc3 Bg7 5. cxd5 Nxd5 6. Bc4 e6 7. Qb3 c6 8. a4
Nd7 9. a5 O-O 10. O-O Qc7 11. d4 N7f6 12. e4 Nxc3 13. bxc3 Nxe4 14. Re1 Nf6 15.
Ba3 Re8 16. Bb4 Nd5 17. Bc5 Bf8 18. Bxf8 Rxf8 19. Ne5 b5 20. axb6 Nxb6 21. Bd3
c5 22. Be4 c4 23. Nxc4 Rb8 24. Nxb6 axb6 25. Ra3 Bb7 26. Ra7 Qc8 27. Bxb7 Rxb7
28. Rxb7 Qxb7 29. Rb1 Qc6 30. Rc1 Rd8 31. Qb2 b5 32. Ra1 Rc8 33. Ra3 Qc4 34.
Rb3 Qd3 35. h3 h5 36. Kh2 Rc4 37. Rxb5 Qxc3 38. Rb8+ Kg7 39. Qb5 Qxd4 40. Qe8
Qf4+ 0-1

[Event "II Festival ASDEC A"]
[Site "Messina ITA"]
[Date "2012.08.29"]
[Round "3"]
[White "Velardi, Giovanni"]
[Black "Cusmano, Antonello"]
[WhiteElo "1826"]
[BlackElo "1550"]
[Result "1-0"]
[PlyCount "63"]
[EventDate "2012.08.27"]

1. e4 c6 2. d4 d5 3. exd5 cxd5 4. Bd3 Nf6 5. c3 Nc6 6. Bf4 Bg4 7. Qb3 Qd7 8.
Nd2 e6 9. Ngf3 a6 10. Ne5 Qc8 11. Ndf3 Bh5 12. h3 Bd6 13. g4 Bxg4 14. hxg4 Nxg4
15. Ng6 Bxf4 16. Nxf4 b5 17. Rg1 f5 18. Ng5 Nd8 19. O-O-O Nxf2 20. Rdf1 Ne4 21.
Bxe4 fxe4 22. Nxd5 exd5 23. Qxd5 Qb7 24. Qf5 h6 25. Qg6+ Kd7 26. Qxg7+ Kc8 27.
Qxh8 hxg5 28. Rxg5 Qe7 29. Re5 Qb7 30. Rc5+ Kd7 31. Qg7+ Kd6 32. Rf6+ 1-0

[Event "II Festival ASDEC A"]
[Site "Messina ITA"]
[Date "2012.08.29"]
[Round "4"]
[White "Arcidiaco, Francesco"]
[Black "Iannello, Andrea"]
[WhiteElo "1652"]
[BlackElo "1776"]
[Result "0-1"]
[PlyCount "46"]
[EventDate "2012.08.27"]

1. d4 Nf6 2. c4 e6 3. Nc3 Bb4 4. a3 Bxc3+ 5. bxc3 O-O 6. Bg5 h6 7. Bh4 d5 8. e3
g5 9. Bg3 c5 10. h4 Ne4 11. hxg5 Nxg3 12. gxh6 Nf5 13. Qg4+ Kh7 14. Bd3 Rg8 15.
Qf3 dxc4 16. Bc2 cxd4 17. exd4 Qg5 18. Rh5 Qxg2 19. Rxf5 exf5 20. Bxf5+ Bxf5
21. Qxf5+ Qg6 22. Qd5 Qxg1+ 23. Kd2 Qxf2+ 0-1

[Event "II Festival ASDEC A"]
[Site "Messina ITA"]
[Date "2012.08.29"]
[Round "4"]
[White "Arito, Luigi"]
[Black "Bonanzinga, Corrado"]
[WhiteElo "1921"]
[BlackElo "2091"]
[Result "1/2-1/2"]
[PlyCount "73"]
[EventDate "2012.08.27"]

1. d4 Nf6 2. c4 e6 3. a3 b6 4. Nc3 Bb7 5. Nf3 d5 6. Bg5 Be7 7. cxd5 exd5 8. e3
O-O 9. Be2 Nbd7 10. Rc1 c5 11. O-O Ne4 12. Bxe7 Qxe7 13. Qb3 cxd4 14. Nxe4 d3
15. Nf6+ Qxf6 16. Bxd3 Rac8 17. Nd4 Nc5 18. Qd1 Ne6 19. Rxc8 Rxc8 20. Nb5 Nc5
21. Nd4 g6 22. Qd2 Ne6 23. Nxe6 fxe6 24. Rc1 Qd8 25. Rxc8 Qxc8 26. Qc2 Qxc2 27.
Bxc2 Kf7 28. Kf1 Kf6 29. Ke2 h6 30. h4 g5 31. hxg5+ hxg5 32. g3 e5 33. f4 gxf4
34. gxf4 d4 35. fxe5+ Kxe5 36. exd4+ Kxd4 37. Kd2 1/2-1/2

[Event "II Festival ASDEC A"]
[Site "Messina ITA"]
[Date "2012.08.29"]
[Round "4"]
[White "Buda, Elvin"]
[Black "Grasso, Gaetano"]
[WhiteElo "1842"]
[BlackElo "2032"]
[Result "0-1"]
[PlyCount "74"]
[EventDate "2012.08.27"]

1. d4 Nf6 2. Nf3 e6 3. e3 c5 4. Bd3 b6 5. Qe2 Bb7 6. Nbd2 Qc7 7. c3 d5 8. Ne5
Ne4 9. f4 f6 10. Nef3 Nd7 11. O-O Bd6 12. a4 O-O 13. g4 e5 14. Nxe4 dxe4 15.
Bc4+ Kh8 16. Nh4 cxd4 17. exd4 exf4 18. Ba2 Rae8 19. Qf2 g5 20. Nf5 e3 21. Qe2
f3 22. Rxf3 Bxf3 23. Qxf3 e2 24. Bd2 Bxh2+ 25. Kf2 Bf4 26. Rh1 Nb8 27. Be1 Nc6
28. Rh6 Nd8 29. Qh3 Bc1 30. Kg1 Ne6 31. Bxe6 Rxe6 32. d5 Qc5+ 33. Kh2 Bf4+ 34.
Ng3 Re7 35. Qg2 Qe3 36. Rh3 Qc1 37. Bd2 Qf1 0-1

[Event "II Festival ASDEC A"]
[Site "Messina ITA"]
[Date "2012.08.29"]
[Round "4"]
[White "Cannella, Carlo"]
[Black "Seletsky, Grigory"]
[WhiteElo "1950"]
[BlackElo "2348"]
[Result "0-1"]
[PlyCount "184"]
[EventDate "2012.08.27"]

1. e4 e6 2. d4 d5 3. e5 c5 4. c3 Qb6 5. Nf3 Nc6 6. Bd3 cxd4 7. cxd4 Bd7 8. O-O
Nxd4 9. Nbd2 Nxf3+ 10. Nxf3 Bb5 11. Be3 Qa6 12. Bxb5+ Qxb5 13. Nd4 Qd7 14. Rc1
Ne7 15. f4 g6 16. Qb3 Nc6 17. Nxc6 bxc6 18. Qa4 Rc8 19. Qxa7 c5 20. Qa5 c4 21.
Rfd1 Qc6 22. b3 Ra8 23. Qd2 Ba3 24. Rc2 O-O 25. f5 Qb5 26. bxc4 dxc4 27. Qd4
exf5 28. Rxc4 Rfe8 29. Qd5 Qxd5 30. Rxd5 Bb2 31. a4 Bxe5 32. Bb6 Re7 33. a5 Kg7
34. Ra4 Ra6 35. Rc4 f6 36. Rc8 Rb7 37. Rdd8 Kh6 38. Ra8 Rbxb6 39. axb6 Rxb6 40.
Rd7 Rb4 41. Kf2 Bxh2 42. Rh8 Kg5 43. Rdxh7 Rb2+ 44. Kf3 Bg1 45. g3 Rf2+ 46. Ke3
f4+ 47. gxf4+ Rxf4+ 48. Ke2 Bf2 49. Rh2 Bg3 50. Rg2 Kg4 51. Rh1 g5 52. Rhg1 Rf3
53. Rf1 Ra3 54. Rxf6 Ra2+ 55. Kf1 Ra1+ 56. Ke2 Kh3 57. Rg6 g4 58. Rxg4 Kxg4 59.
Kd3 Kf3 60. Rc2 Bf4 61. Kc4 Ke4 62. Kb5 Rb1+ 63. Kc6 Be3 64. Rc4+ Bd4 65. Kd6
Rh1 66. Ke6 Rh6+ 67. Kd7 Kd5 68. Rc1 Rh7+ 69. Kc8 Bc5 70. Kd8 Kc6 71. Ke8 Re7+
72. Kd8 Rf7 73. Re1 Rf8+ 74. Re8 Rf7 75. Re2 Bd6 76. Rc2+ Kd5 77. Rd2+ Ke6 78.
Re2+ Be5 79. Kc8 Rc7+ 80. Kd8 Rb7 81. Rc2 Rb1 82. Rc4 Rh1 83. Kc8 Rh7 84. Rc6+
Bd6 85. Rc2 Kd5 86. Rd2+ Kc6 87. Rc2+ Bc5 88. Rd2 Rc7+ 89. Kb8 Rb7+ 90. Kc8 Ra7
91. Kb8 Ra4 92. Rc2 Rh4 0-1

[Event "II Festival ASDEC A"]
[Site "Messina ITA"]
[Date "2012.08.29"]
[Round "4"]
[White "Cappadona, Salvatore"]
[Black "Ferrigno, Vincenzo"]
[WhiteElo "2081"]
[BlackElo "1827"]
[Result "1-0"]
[PlyCount "65"]
[EventDate "2012.08.27"]

1. e4 e5 2. Nf3 Nc6 3. Bb5 Nf6 4. O-O Bd6 5. Re1 a6 6. Bxc6 dxc6 7. d4 Bg4 8.
Nbd2 c5 9. dxe5 Bxe5 10. h3 Bh5 11. g4 Nxg4 12. Nxe5 Nf6 13. Ng4 Bxg4 14. hxg4
h5 15. g5 Ng4 16. Nf3 Qxd1 17. Rxd1 h4 18. Bf4 f6 19. Rd5 c6 20. Rxc5 Rd8 21.
Nh2 Nxh2 22. Kxh2 Rd4 23. Re1 Kf7 24. gxf6 gxf6 25. f3 Ke6 26. Rg1 Rd7 27. Rg6
Rd1 28. Rf5 Rf8 29. Bg5 h3 30. Rgxf6+ Rxf6 31. Rxf6+ Ke5 32. Rf8 Rb1 33. Kxh3
1-0

[Event "II Festival ASDEC A"]
[Site "Messina ITA"]
[Date "2012.08.29"]
[Round "4"]
[White "Carbone, Edoardo"]
[Black "Gangemi, Salvatore"]
[WhiteElo "1824"]
[BlackElo "2048"]
[Result "0-1"]
[PlyCount "90"]
[EventDate "2012.08.27"]

1. d4 d5 2. c4 e6 3. Nf3 Nf6 4. e3 Bb4+ 5. Bd2 Bxd2+ 6. Nbxd2 O-O 7. Bd3 b6 8.
cxd5 exd5 9. O-O Bb7 10. Qc2 h6 11. Rfc1 c6 12. Ne5 Qd6 13. Ndf3 Rc8 14. Bf5
Rc7 15. g3 c5 16. b4 c4 17. Nd2 Nbd7 18. f4 Nf8 19. Nb1 g6 20. Bh3 Ne4 21. Nc3
Nxc3 22. Qxc3 f6 23. Nf3 Re8 24. Re1 a6 25. g4 Bc8 26. Kg2 h5 27. g5 Bxh3+ 28.
Kxh3 fxg5 29. Nxg5 Nh7 30. Nxh7 Kxh7 31. Kg2 Qe6 32. Qc2 Qg4+ 33. Kh1 Re4 34.
Qe2 Rce7 35. Qxg4 hxg4 36. Rg1 Rxe3 37. Rxg4 Re1+ 38. Rxe1 Rxe1+ 39. Kg2 Re4
40. Kf3 Rxd4 41. Ke2 Kg7 42. h4 Kf6 43. Rg5 c3 44. f5 gxf5 45. Rg3 c2 0-1

[Event "II Festival ASDEC A"]
[Site "Messina ITA"]
[Date "2012.08.29"]
[Round "4"]
[White "Colnaghi, Davide"]
[Black "Vazzana, Antonio"]
[WhiteElo "1690"]
[BlackElo "1711"]
[Result "1/2-1/2"]
[PlyCount "114"]
[EventDate "2012.08.27"]

1. e4 c5 2. c3 Nf6 3. e5 Nd5 4. d4 cxd4 5. Nf3 e6 6. Bc4 Nb6 7. Bb3 Be7 8. O-O
Nc6 9. cxd4 d6 10. Nc3 dxe5 11. dxe5 Qxd1 12. Rxd1 O-O 13. Be3 Nd7 14. Nb5 Bd8
15. Bd4 Nxd4 16. Rxd4 Bb6 17. Rf4 Nc5 18. Bc2 Bd7 19. Nd6 Bc6 20. Ng5 g6 21.
Ngxf7 Nd7 22. Re1 Bc7 23. Bb3 Nc5 24. Nh6+ Kg7 25. Rf7+ Rxf7 26. Nhxf7 Nxb3 27.
axb3 a5 28. Rc1 Bb6 29. Nc4 Bxf2+ 30. Kxf2 Kxf7 31. g4 g5 32. Rc3 Ke7 33. Rh3
Rf8+ 34. Ke3 Rf4 35. Rxh7+ Kf8 36. Nxa5 Bd5 37. Nxb7 Rxg4 38. Nc5 Kg8 39. Re7
Rh4 40. Nxe6 Re4+ 41. Kd3 Rxe5 42. Rg7+ Kh8 43. Rxg5 Be4+ 44. Kc4 Rxe6 45. h4
Rb6 46. b4 Kh7 47. b5 Bf3 48. Kc5 Rb7 49. b6 Kh6 50. b4 Be4 51. Rg4 Bh1 52. Kb5
Bf3 53. Rg8 Rf7 54. Rb8 Kh5 55. Ka6 Kxh4 56. b7 Rh7 57. b5 Bh1 1/2-1/2

[Event "II Festival ASDEC A"]
[Site "Messina ITA"]
[Date "2012.08.29"]
[Round "4"]
[White "Cusmano, Antonello"]
[Black "Sileci, Salvatore"]
[WhiteElo "1550"]
[BlackElo "1751"]
[Result "0-1"]
[PlyCount "102"]
[EventDate "2012.08.27"]

1. d4 d5 2. Bf4 Nf6 3. e3 g6 4. Bd3 Bg7 5. Nf3 Nbd7 6. Nbd2 O-O 7. c3 Re8 8. e4
dxe4 9. Nxe4 Nd5 10. Bg3 e5 11. dxe5 Nxe5 12. Nxe5 Bxe5 13. O-O Bxg3 14. Nxg3
Nf4 15. Bc4 Be6 16. Bxe6 Rxe6 17. Qf3 Qg5 18. Ne4 Qxg2+ 19. Qxg2 Nxg2 20. Ng5
Re5 21. Nxf7 Kxf7 22. Kxg2 Re2 23. Rab1 Rae8 24. Rfd1 Rc2 25. Rd7+ Re7 26.
Rxe7+ Kxe7 27. Kf3 c5 28. Re1+ Kf6 29. Re2 Rxe2 30. Kxe2 Ke5 31. Ke3 g5 32. f3
h5 33. h3 a5 34. a3 b5 35. b4 axb4 36. axb4 cxb4 37. cxb4 h4 38. Kd3 Kf4 39.
Kd4 Kxf3 40. Kc5 g4 41. hxg4 Kxg4 42. Kxb5 h3 43. Ka6 h2 44. b5 h1=Q 45. b6
Qa8+ 46. Kb5 Qb7 47. Kc5 Kf5 48. Kb5 Ke6 49. Kc5 Ke5 50. Kb5 Kd5 51. Ka5 Kc5
0-1

[Event "II Festival ASDEC A"]
[Site "Messina ITA"]
[Date "2012.08.29"]
[Round "4"]
[White "Fariselli, Umberto"]
[Black "Napoli Costa, Antonello"]
[WhiteElo "1347"]
[BlackElo "1743"]
[Result "0-1"]
[PlyCount "104"]
[EventDate "2012.08.27"]

1. d4 d5 2. e3 Nf6 3. Bd3 e6 4. a3 c5 5. c3 cxd4 6. exd4 Bd6 7. Bg5 Nbd7 8. Nf3
h6 9. Bh4 Be7 10. O-O O-O 11. Re1 Nh7 12. Bxe7 Qxe7 13. Nbd2 b6 14. Nf1 Bb7 15.
Bc2 Qf6 16. Qd3 g6 17. Ba4 Rfd8 18. Ng3 Rac8 19. Qe3 Qg7 20. Ne5 Nxe5 21. Qxe5
Bc6 22. Qxg7+ Kxg7 23. Bxc6 Rxc6 24. Re2 a5 25. a4 Rc4 26. Nf1 Nf6 27. Nd2 Rc7
28. h3 Ne8 29. Re3 Nd6 30. f3 Nc4 31. Nxc4 Rxc4 32. g4 Rb8 33. b3 Rc6 34. Kf2
b5 35. axb5 Rxb5 36. Ra3 Rcb6 37. c4 dxc4 38. bxc4 Rb2+ 39. Kg3 R6b4 40. Rxa5
Rxc4 41. Rd3 Rcc2 42. h4 Rh2 43. Kf4 Rxh4 44. Re3 Rd2 45. Kg3 Rhh2 46. Ra7
Rhg2+ 47. Kf4 Rxd4+ 48. Ke5 Rd5+ 49. Ke4 g5 50. Rc3 Re2+ 51. Re3 Red2 52. Ra4
f5+ 0-1

[Event "II Festival ASDEC A"]
[Site "Messina ITA"]
[Date "2012.08.29"]
[Round "4"]
[White "Gelardi, Davide"]
[Black "Mazzaglia, Antonino"]
[WhiteElo "1755"]
[BlackElo "1436"]
[Result "1-0"]
[PlyCount "79"]
[EventDate "2012.08.27"]

1. Nf3 c5 2. b3 Nf6 3. Bb2 e6 4. c4 Be7 5. e3 b6 6. d4 cxd4 7. exd4 O-O 8. Bd3
d5 9. O-O Bb7 10. Nbd2 Nc6 11. Rc1 Nb4 12. Bb1 Rc8 13. Re1 Na6 14. a3 Nb8 15.
Ne5 Nc6 16. Ndf3 Nb8 17. Qe2 dxc4 18. bxc4 Bxf3 19. Qxf3 Rc7 20. Qd3 g6 21. f4
Nbd7 22. Qf3 Qc8 23. g4 Nxe5 24. fxe5 Ne8 25. Ba2 Ng7 26. d5 exd5 27. cxd5 Bc5+
28. Kg2 h5 29. h3 Kh7 30. Rf1 Ne6 31. dxe6 fxe6 32. Qe4 Rxf1 33. Rxf1 Qd8 34.
Bc1 Qe7 35. Rf6 Qe8 36. gxh5 Rg7 37. hxg6+ Rxg6+ 38. Rxg6 Qxg6+ 39. Qxg6+ Kxg6
40. Bxe6 1-0

[Event "II Festival ASDEC A"]
[Site "Messina ITA"]
[Date "2012.08.29"]
[Round "4"]
[White "Gromovs, Sergejs"]
[Black "Alfarone, Giovanni"]
[WhiteElo "2206"]
[BlackElo "1992"]
[Result "1-0"]
[PlyCount "49"]
[EventDate "2012.08.27"]

1. d4 d6 2. e4 Nf6 3. Nc3 g6 4. f4 Bg7 5. Nf3 c5 6. Bb5+ Bd7 7. e5 Ng4 8. e6
fxe6 9. Ng5 Bxb5 10. Nxe6 Bxd4 11. Nxb5 Qa5+ 12. c3 Bf2+ 13. Kd2 Be3+ 14. Kc2
Qa4+ 15. b3 Qe4+ 16. Kb2 Qxg2+ 17. Ka3 Na6 18. Re1 Bxc1+ 19. Rxc1 Kd7 20. Rc2
Nf2 21. Qe2 Qc6 22. Nf8+ Kc8 23. Qe6+ Kd8 24. Qxe7+ Kc8 25. Qe8+ 1-0

[Event "II Festival ASDEC A"]
[Site "Messina ITA"]
[Date "2012.08.29"]
[Round "4"]
[White "Iannello, Antonio"]
[Black "La Piana, Antonino"]
[WhiteElo "1741"]
[BlackElo "1700"]
[Result "1/2-1/2"]
[PlyCount "47"]
[EventDate "2012.08.27"]

1. e4 e5 2. Nf3 Nc6 3. Bb5 a6 4. Ba4 Nf6 5. O-O Be7 6. Re1 b5 7. Bb3 O-O 8. c3
d6 9. h3 Na5 10. Bc2 c5 11. d4 Qc7 12. Nbd2 cxd4 13. cxd4 Nc6 14. d5 Nb4 15.
Bb1 a5 16. a3 Na6 17. Nf1 Bd7 18. Ng3 Rfc8 19. Bd2 Nc5 20. Bc2 Be8 21. Rc1 Qb7
22. Re3 a4 23. Qe1 Bd7 24. Kh1 1/2-1/2

[Event "II Festival ASDEC A"]
[Site "Messina ITA"]
[Date "2012.08.29"]
[Round "4"]
[White "Marzaduri, Marco R."]
[Black "Buzzanca, Francesco"]
[WhiteElo "1845"]
[BlackElo "1687"]
[Result "1-0"]
[PlyCount "89"]
[EventDate "2012.08.27"]

1. e4 c5 2. d4 cxd4 3. Nf3 d6 4. Nxd4 Nf6 5. Nc3 g6 6. f3 Bg7 7. Be3 O-O 8. Qd2
Nc6 9. O-O-O a6 10. g4 Bd7 11. Nxc6 Bxc6 12. Bh6 Qa5 13. h4 Rac8 14. h5 Bd7 15.
hxg6 Rxc3 16. gxf7+ Kxf7 17. Qxc3 Qxc3 18. bxc3 Be6 19. Bxg7 Kxg7 20. Kb2 Nd7
21. Be2 Ne5 22. Rdf1 b5 23. f4 Nc4+ 24. Bxc4 Bxc4 25. Rf2 Rc8 26. f5 Rc5 27.
Rfh2 Bg8 28. g5 Re5 29. Rh4 d5 30. f6+ exf6 31. gxf6+ Kf7 32. exd5 Rxd5 33. Rf1
Rd6 34. Rhf4 Rd2 35. Rd4 Rh2 36. Rd7+ Ke6 37. f7 Bxf7 38. Rdxf7 h5 39. R7f6+
Ke5 40. Rxa6 h4 41. Ra5 h3 42. Rxb5+ Ke4 43. a4 Rg2 44. a5 h2 45. Rh1 1-0

[Event "II Festival ASDEC A"]
[Site "Messina ITA"]
[Date "2012.08.29"]
[Round "4"]
[White "Pisacane, Pietro"]
[Black "Favaloro, Andrea"]
[WhiteElo "2036"]
[BlackElo "1760"]
[Result "1/2-1/2"]
[PlyCount "136"]
[EventDate "2012.08.27"]

1. d4 Nf6 2. Nf3 g6 3. c3 Bg7 4. Nbd2 O-O 5. e4 d6 6. Bd3 Nbd7 7. O-O e5 8. Re1
Nh5 9. g3 c5 10. dxe5 Nxe5 11. Nxe5 dxe5 12. Nc4 b5 13. Ne3 c4 14. Be2 Nf6 15.
a4 Qa5 16. Bd2 Be6 17. b4 Qd8 18. axb5 Nxe4 19. Qc2 Qxd2 20. Qxe4 Qxc3 21. Bxc4
Qxb4 22. Bd5 Qxe4 23. Bxe4 Rab8 24. Bc6 e4 25. Rxa7 Bd4 26. Ra4 Rfd8 27. Rd1
Bxe3 28. Rxd8+ Rxd8 29. fxe3 Rd1+ 30. Kf2 Rd2+ 31. Ke1 Rb2 32. Rxe4 Kf8 33. Kd1
Rxh2 34. b6 Rb2 35. b7 Ke7 36. Rd4 h5 37. Ke1 Rb6 38. Bf3 Bg4 39. Bg2 Bd7 40.
Rd2 Kd8 41. Rd6 Rb4 42. Bc6 Kc7 43. Rxd7+ Kxc6 44. Rxf7 Rxb7 45. Rf6+ Kd5 46.
Rxg6 Ke4 47. Kd2 Rb2+ 48. Kc3 Re2 49. Re6+ Kf3 50. Kd3 Rg2 51. Rh6 Kg4 52. Rg6+
Kf3 53. Rg5 Rxg3 54. Rxh5 Rg6 55. Rf5+ Kg4 56. e4 Ra6 57. Re5 Kf4 58. Rf5+ Kg4
59. Rf1 Ra3+ 60. Kd4 Ra4+ 61. Kd5 Ra5+ 62. Ke6 Ra6+ 63. Kf7 Ra7+ 64. Kg8 Re7
65. Rg1+ Kf4 66. Rf1+ Kg4 67. Rg1+ Kf4 68. Rf1+ Kg4 1/2-1/2